Southville International School and Colleges
Your cart is empty.
  • Cart
  • Lists
    Public lists Eva Luna New books Lux_list list_1
    Your lists Log in to create your own lists
  • Log in to your account
  • Your cookies
  • Search history
Southville International School and Colleges
  • Advanced search
  • Recent comments
  • Most popular
  • Libraries

Log in to your account

Log in with GOOGLE


If you do not have an external account, but do have a local account, you can still log in:

  1. Home
  2. MARC view: Folklore, myths, and legends :
Normal view MARC view ISBD view

Folklore, myths, and legends : (Record no. 10120)

[ view plain ]
MARC details
000 -LEADER
fixed length control field 01252cam a2200373 a 4500
001 - CONTROL NUMBER
control field 2578727
003 - CONTROL NUMBER IDENTIFIER
control field OSt
005 - DATE AND TIME OF LATEST TRANSACTION
control field 20140310182157.0
008 - FIXED-LENGTH DATA ELEMENTS--GENERAL INFORMATION
fixed length control field 960311s1997 ilu b 001 0 eng
010 ## - LIBRARY OF CONGRESS CONTROL NUMBER
LC control number 96014501
020 ## - INTERNATIONAL STANDARD BOOK NUMBER
International Standard Book Number 0844257842 (paperback)
020 ## - INTERNATIONAL STANDARD BOOK NUMBER
International Standard Book Number 084425763X (hardback)
020 ## - INTERNATIONAL STANDARD BOOK NUMBER
International Standard Book Number 084425780X (paperback)
040 ## - CATALOGING SOURCE
Original cataloging agency DLC
Transcribing agency DLC
Modifying agency DLC
050 00 - LIBRARY OF CONGRESS CALL NUMBER
Classification number GR 76
Item number .R665 1997
082 00 - DEWEY DECIMAL CLASSIFICATION NUMBER
Classification number HS 398.2
Item number R723
100 1# - MAIN ENTRY--PERSONAL NAME
Personal name Rosenberg, Donna.
9 (RLIN) 12537
245 10 - TITLE STATEMENT
Title Folklore, myths, and legends :
Remainder of title a world perspective /
Statement of responsibility, etc Donna Rosenberg.
260 ## - PUBLICATION, DISTRIBUTION, ETC. (IMPRINT)
Place of publication, distribution, etc Lincolnwood, Ill. :
Name of publisher, distributor, etc NTC Pub. Group,
Date of publication, distribution, etc c1997.
300 ## - PHYSICAL DESCRIPTION
Extent 536 p. ;
Dimensions 23 cm.
504 ## - BIBLIOGRAPHY, ETC. NOTE
Bibliography, etc Includes bibliographical references (p. 489-504) and index.
650 #0 - SUBJECT ADDED ENTRY--TOPICAL TERM
Topical term or geographic name as entry element Tales
9 (RLIN) 16015
650 #0 - SUBJECT ADDED ENTRY--TOPICAL TERM
Topical term or geographic name as entry element Legends
9 (RLIN) 11152
650 #0 - SUBJECT ADDED ENTRY--TOPICAL TERM
Topical term or geographic name as entry element Folklore
9 (RLIN) 6494
650 #0 - SUBJECT ADDED ENTRY--TOPICAL TERM
Topical term or geographic name as entry element Mythology
General subdivision Title
9 (RLIN) 16016
650 #0 - SUBJECT ADDED ENTRY--TOPICAL TERM
Topical term or geographic name as entry element Legends.
9 (RLIN) 11152
650 #0 - SUBJECT ADDED ENTRY--TOPICAL TERM
Topical term or geographic name as entry element Folklore.
9 (RLIN) 6494
650 #0 - SUBJECT ADDED ENTRY--TOPICAL TERM
Topical term or geographic name as entry element Mythology.
9 (RLIN) 10603
856 42 - ELECTRONIC LOCATION AND ACCESS
Materials specified Publisher description
Uniform Resource Identifier <a href="http://www.loc.gov/catdir/description/mh051/96014501.html">http://www.loc.gov/catdir/description/mh051/96014501.html</a>
906 ## - LOCAL DATA ELEMENT F, LDF (RLIN)
a 7
b cbc
c orignew
d 1
e ocip
f 19
g y-gencatlg
942 ## - ADDED ENTRY ELEMENTS (KOHA)
Source of classification or shelving scheme Library of Congress Classification
Koha item type Books
Call number prefix
Holdings
Withdrawn status Lost status Source of classification or shelving scheme Damaged status Home library Current library Shelving location Date acquired Total Checkouts Total Renewals Full call number Barcode Date last seen Date checked out Copy number Price effective from Koha item type
    Library of Congress Classification   Luxembourg Library Luxembourg Library High School Section 08/31/2013 1 3 GR 76 .R665 1997 6577 04/19/2016 01/15/2016 1 08/31/2013 Books

Folklore, myths, and legends :

APA

Rosenberg D., . (1997). Folklore, myths, and legends. Lincolnwood, Ill: NTC Pub. Group.

Chicago

Rosenberg Donna, . 1997. Folklore, myths, and legends. Lincolnwood, Ill: NTC Pub. Group.

Harvard

Rosenberg D., . (1997). Folklore, myths, and legends. Lincolnwood, Ill: NTC Pub. Group.

MLA

Rosenberg Donna, . Folklore, myths, and legends. Lincolnwood, Ill: NTC Pub. Group. 1997.

  • Place hold
  • Print
  • Cite
  • Add to your cart (remove)
  • Save record
    BIBTEX Dublin Core MARCXML MARC (non-Unicode/MARC-8) MARC (Unicode/UTF-8) MARC (Unicode/UTF-8, Standard) MODS (XML) RIS
  • More searches
    Search for this title in:
    Other Libraries (WorldCat) Other Databases (Google Scholar) Online Stores (Bookfinder.com) Open Library (openlibrary.org)

Exporting to Dublin Core...

SOUTHVILLE LIBRARY

Southville International School and Colleges Library

1281 Tropical Ave. Cor. Luxembourg St., BF Homes International, Las Pinas City

Tel. No. 8256374 / 252358 Loc. 117/146

Powered by Koha